Presbyterians, their history and beliefs. (Record no. 14255)

000 -LEADER
fixed length control field 00657nam a2200205 a 4500
001 - CONTROL NUMBER
control field :::00012084$&:&@@
003 - CONTROL NUMBER IDENTIFIER
control field OkBaRHE
005 - DATE AND TIME OF LATEST TRANSACTION
control field 20000607103415.0
008 - FIXED-LENGTH DATA ELEMENTS--GENERAL INFORMATION
fixed length control field s1928 j 000 0 eng u
020 ## - INTERNATIONAL STANDARD BOOK NUMBER
International Standard Book Number 0802409855
040 ## - CATALOGING SOURCE
Transcribing agency
100 1# - MAIN ENTRY--PERSONAL NAME
Personal name Lingle, Walter Lee, 1868-1956.
245 10 - TITLE STATEMENT
Title Presbyterians, their history and beliefs.
260 ## - PUBLICATION, DISTRIBUTION, ETC. (IMPRINT)
Place of publication, distribution, etc Richmond, VA., : Presbyterian Committee of Publication
Date of publication, distribution, etc c1928
300 ## - PHYSICAL DESCRIPTION
Extent 199 p. ;
Dimensions 20 cm.
650 ## - SUBJECT ADDED ENTRY--TOPICAL TERM
Topical term or geographic name as entry element Presbyterian Church
General subdivision History
650 ## - SUBJECT ADDED ENTRY--TOPICAL TERM
Topical term or geographic name as entry element Presbyterianism
942 ## - ADDED ENTRY ELEMENTS (KOHA)
Source of classification or shelving scheme
Koha item type Books
Copies
Koha item type Lost status Shelving location Damaged status Barcode Date acquired Date last seen Copy number Full call number Withdrawn status Price effective from Not for loan Source of classification or shelving scheme Permanent Location
Books General Stacks 120842010-04-142010-04-141BX 8931.2 .L56 2010-04-14  RHEMA Bible Training College